Seether Charting Songs (Billboard Hot 100) - Statistics

General Stats
  • This quiz has been taken 56 times
  • The average score is 4 of 7
Answer Stats
Album Weeks On Peak Artist(s) Song % Correct
Disclaimer II 21 Weeks #20 Seether ft. Amy Lee Broken
89%
Finding Beauty in Negative Spaces 20 Weeks #56 Seether Fake It
81%
Karma and Effect 6 Weeks #70 Seether Remedy
81%
Disclaimer 20 Weeks #51 Seether Fine Again
62%
Finding Beauty in Negative Spaces 18 Weeks #63 Seether Careless Whisper
54%
Holding Onto Strings Better Left to Fray 18 Weeks #72 Seether Country Song
35%
Finding Beauty in Negative Spaces 11 Weeks #91 Seether Rise Above This
35%
No matching quizzes found
Score Distribution
Percent of People with Each Score
Percentile by Number Answered
Your Score History
You have not taken this quiz